[Event "AUTO-ADV-1439"]
[Site "http://www.queenalice.com/game.php?id=636644"]
[Date "2009.8.15"]
[Round "1"]
[White "fbenevides"]
[Black "FuriousFreddy"]
[Result "0-1"]
[WhiteElo "1649"]
[BlackElo "1812"]

1. Nf3 c5 2. e3 g6 3. Bc4 Nc6 4. d4 cxd4 5. Nxd4 Bg7 6. Nf3 Nf6 7. O-O O-O 8. h3
d5 9. Bd3 e5 10. Bb5 Ne4 11. Bxc6 bxc6 12. Nc3 Nxc3 13. bxc3 Ba6 14. Re1 e4 15.
Nd4 c5 16. Ne2 Bc4 17. Ba3 Qa5 18. Qc1 Rfb8 19. Bb2 Rb7 20. a3 Rab8 21. a4 Rxb2
22. Ra3 Bxe2 23. Kh2 Bc4 24. Qd2 Rb1 25. Rxb1 Rxb1 26. g3 Qb6 27. h4 Qb2 0-1

[Event "AUTO-ADV-1439"]
[Site "http://www.queenalice.com/game.php?id=636645"]
[Date "2009.8.15"]
[Round "1"]
[White "FuriousFreddy"]
[Black "EdsonEstevam"]
[Result "1-0"]
[WhiteElo "1840"]
[BlackElo "1735"]

1. e4 e5 2. Nf3 Nc6 3. d4 d5 4. exd5 Qxd5 5. dxe5 Qxd1+ 6. Kxd1 Bg4 7. Bf4 Bxf3+
8. gxf3 O-O-O+ 9. Nd2 Bb4 10. Bd3 Nge7 11. a3 Bc5 12. Ke2 Nd5 13. Bg3 Rde8 14.
f4 Nd4+ 15. Kf1 f6 16. Ne4 Bb6 17. exf6 gxf6 18. c4 Nb3 19. Rd1 Bd4 20. cxd5 f5
21. Nd2 Nc5 22. Bxf5+ Kb8 23. b4 Na6 24. Be6 b6 25. f5 Kb7 26. f6 Bxf6 27. Kg2
h5 28. h4 c6 29. dxc6+ Kxc6 30. Rc1+ Nc5 31. bxc5 Rxe6 32. cxb6+ Kxb6 33. Rc4
Kb5 34. Rb1+ Ka5 35. Bc7+ Rb6 36. Nb3+ Kb5 37. Rb4+ Kc6 38. Bxb6 axb6 39. Rc1+
Kd6 40. Rxb6+ Kd5 41. Rxf6 Ke5 42. Rcc6 Rg8+ 43. Kf3 Rg4 44. Rcd6 Rxh4 45. Nc5
Rh3+ 46. Ke2 h4 47. f4# 1-0

[Event "AUTO-ADV-1439"]
[Site "http://www.queenalice.com/game.php?id=636646"]
[Date "2009.8.15"]
[Round "1"]
[White "EdsonEstevam"]
[Black "FuriousFreddy"]
[Result "1-0"]
[WhiteElo "1826"]
[BlackElo "1855"]

1. e4 c5 2. d4 cxd4 3. Qxd4 Nc6 4. Qd1 g6 5. Bc4 Nf6 6. Nc3 Bg7 7. Bg5 O-O 8.
Nf3 d6 9. h3 a6 10. O-O b5 11. Bd5 Nxd5 12. Nxd5 f6 13. Be3 Be6 14. a3 Kf7 15.
c3 Na5 16. Bb6 1-0

[Event "AUTO-OPEN-1510"]
[Site "http://www.queenalice.com/game.php?id=651291"]
[Date "2009.9.12"]
[Round "2"]
[White "FuriousFreddy"]
[Black "holandes"]
[Result "0-1"]
[WhiteElo "1861"]
[BlackElo "1927"]

1. e4 Nc6 2. d4 d5 3. e5 a6 4. f4 Bf5 5. Nf3 e6 6. Bd3 Nge7 7. O-O Qd7 8. b3
O-O-O 9. c3 Kb8 10. b4 f6 11. b5 axb5 12. Bxb5 Bg4 13. Qa4 Qe8 14. Ba3 Qg6 15.
Nbd2 Na7 16. Rab1 Nec8 17. Ba6 Nb6 18. Rxb6 cxb6 19. Rb1 Bxf3 20. Bf1 b5 0-1

[Event "AUTO-OPEN-1510"]
[Site "http://www.queenalice.com/game.php?id=651292"]
[Date "2009.9.12"]
[Round "2"]
[White "holandes"]
[Black "FuriousFreddy"]
[Result "1-0"]
[WhiteElo "1942"]
[BlackElo "1852"]

1. e4 c5 2. Nf3 g6 3. Nc3 Nc6 4. d3 Bg7 5. Be3 d6 6. d4 cxd4 7. Nxd4 Nf6 8. Bb5
Qc7 9. O-O O-O 10. f4 a6 11. Ba4 b5 12. Bb3 b4 13. Nd5 Qb7 14. Nxc6 Nxd5 15.
exd5 1-0

[Event "AUTO-INT-1290"]
[Site "http://www.queenalice.com/game.php?id=664850"]
[Date "2009.10.9"]
[Round "2"]
[White "robinud"]
[Black "FuriousFreddy"]
[Result "1/2-1/2"]
[WhiteElo "1721"]
[BlackElo "1853"]

1. e4 e5 2. Nf3 Nc6 3. Bc4 Bc5 4. c3 Nf6 5. d4 exd4 6. Ng5 O-O 7. b4 Bb6 8. O-O
h6 9. Nf3 Nxe4 10. Nxd4 Nxd4 11. cxd4 d5 12. Bd3 Bxd4 13. Bxe4 Bxa1 14. Bxd5 Be6
15. Bxe6 fxe6 16. Qb3 Qf6 17. Nd2 Kh8 18. Ne4 Qd4 19. Qe3 Rad8 20. Nc5 Qxe3 21.
Bxe3 Bf6 22. Nxe6 a6 23. Nxf8 Rxf8 1/2-1/2

[Event "AUTO-INT-1290"]
[Site "http://www.queenalice.com/game.php?id=664851"]
[Date "2009.10.9"]
[Round "2"]
[White "FuriousFreddy"]
[Black "robinud"]
[Result "1-0"]
[WhiteElo "1825"]
[BlackElo "1804"]

1. e4 e5 2. Nf3 Nc6 3. d4 exd4 4. Bc4 h6 5. Nxd4 Bc5 6. Nf5 Qf6 7. Nc3 Nge7 8.
Nd5 Nxd5 9. Bxd5 Ne7 10. Be3 Bxe3 11. fxe3 Nxf5 12. exf5 Qxf5 13. Rf1 Qg5 14.
Bxf7+ Kd8 15. Qe2 Rf8 16. O-O-O d6 17. h3 Bf5 18. Bd5 Re8 19. Rf3 c6 20. Bf7 Re7
21. h4 Qxh4 22. Rxf5 Kd7 23. Qd3 d5 24. Bxd5 cxd5 25. Qxd5+ Ke8 26. Qg8# 1-0

[Event "AUTO-INT-1290"]
[Site "http://www.queenalice.com/game.php?id=664854"]
[Date "2009.10.9"]
[Round "2"]
[White "FuriousFreddy"]
[Black "jalhallib"]
[Result "1/2-1/2"]
[WhiteElo "1852"]
[BlackElo "1888"]

1. e4 e5 2. Nf3 d6 3. d4 Qe7 4. dxe5 dxe5 5. Nc3 Nf6 6. Bg5 h6 7. Nd5 Qd7 8.
Nxe5 Qd6 9. Nxf6+ gxf6 10. Qxd6 Bxd6 11. Bxf6 Rg8 12. Nc4 Nc6 13. Nxd6+ cxd6 14.
O-O-O Be6 15. g3 Rg6 16. Bc3 O-O-O 17. Bg2 h5 18. Rd2 h4 19. Rhd1 hxg3 20. hxg3
Kc7 21. e5 d5 22. Bxd5 b6 23. Bxe6 Rxd2 24. Rxd2 Rxe6 25. f4 Rh6 26. Rg2 a5 27.
g4 b5 28. Kd2 b4 29. g5 Rh4 30. e6 bxc3+ 31. Kxc3 fxe6 32. g6 Ne7 33. g7 Ng8 34.
Kd4 Kd6 35. Ke4 e5 36. Rg6+ Ke7 37. Kxe5 Kf7 38. f5 Ne7 39. Rg5 Rh7 40. f6 Ng8
41. Rf5 1/2-1/2

[Event "AUTO-INT-1290"]
[Site "http://www.queenalice.com/game.php?id=664855"]
[Date "2009.10.9"]
[Round "2"]
[White "jalhallib"]
[Black "FuriousFreddy"]
[Result "1-0"]
[WhiteElo "1855"]
[BlackElo "1840"]

1. e4 e5 2. Nf3 Nc6 3. d4 exd4 4. Nxd4 Nf6 5. Nxc6 bxc6 6. Bd3 d5 7. e5 Ng4 8.
Bf4 Qe7 9. Qe2 f6 10. exf6 Nxf6 11. Qxe7+ Bxe7 12. Bxc7 O-O 13. O-O Bc5 14. Be5
Ng4 15. Bg3 Bd7 16. h3 Nf6 17. Nd2 a5 18. c3 a4 19. Nf3 Nh5 20. Bh2 Bxh3 21. Ng5
h6 22. Nxh3 1-0

[Event "AUTO-ADV-1439"]
[Site "http://www.queenalice.com/game.php?id=684522"]
[Date "2009.11.17"]
[Round "2"]
[White "EdsonEstevam"]
[Black "FuriousFreddy"]
[Result "0-1"]
[WhiteElo "1652"]
[BlackElo "1935"]

1. e4 c5 2. Bc4 g6 3. Nf3 Bg7 4. d4 cxd4 5. Nxd4 Nc6 6. c3 Nf6 7. Qf3 O-O 8. O-O
Ne5 9. Qe2 Nxc4 10. e5 Nxe5 11. Qxe5 d6 12. Qe2 Re8 13. Bg5 Qb6 14. b4 Bg4 15.
f3 Bd7 16. Nd2 Nd5 17. Rfc1 Nxc3 18. Qd3 Qxd4+ 19. Qxd4 Bxd4+ 20. Kf1 f6 21. Bh6
Kf7 22. Nb3 Bb5+ 23. Ke1 Ne2 24. Nxd4 Nxd4 25. Kf2 Rec8 26. Ke3 Nf5+ 27. Kf4
Nxh6 28. a4 Bc4 29. g4 e5+ 30. Kg3 d5 31. b5 Ng8 32. f4 e4 33. Kf2 Rc5 34. h4
Re8 35. Ke3 b6 36. f5 gxf5 37. gxf5 Nh6 38. Rf1 Ng4+ 39. Kf4 Bxf1 40. Rxf1 h5
0-1

[Event "AUTO-ADV-1439"]
[Site "http://www.queenalice.com/game.php?id=684523"]
[Date "2009.11.17"]
[Round "2"]
[White "FuriousFreddy"]
[Black "EdsonEstevam"]
[Result "1-0"]
[WhiteElo "1931"]
[BlackElo "1630"]

1. e4 e5 2. Nf3 Nc6 3. d4 exd4 4. Bc4 h6 5. Nxd4 Nxd4 6. Qxd4 Nf6 7. Nc3 Bb4 8.
O-O d6 9. Bxf7+ Kxf7 10. Qxb4 c5 11. Qb3+ Kg6 12. f3 Re8 13. Bf4 Be6 14. Qxb7
Rb8 15. Qa6 Rxb2 16. Qd3 c4 17. Qxd6 Rxc2 18. Rfc1 Qb6+ 19. Qxb6 Rxc1+ 20. Rxc1
axb6 21. Rb1 Nd7 22. Bc7 Rc8 23. Bxb6 Rb8 24. Bd4 Re8 25. a4 Nb8 26. a5 Nc6 27.
Bb6 Rb8 28. Rd1 Bc8 29. Rd6+ Kg5 30. Rxc6 Kf4 31. Nd5+ Ke5 32. Rxc4 Be6 33. Rc5
Bxd5 34. Bc7+ Kd4 35. Rxd5+ 1-0

[Event "AUTO-ADV-1439"]
[Site "http://www.queenalice.com/game.php?id=684526"]
[Date "2009.11.17"]
[Round "2"]
[White "FuriousFreddy"]
[Black "odin2"]
[Result "1-0"]
[WhiteElo "1915"]
[BlackElo "1908"]

1. e4 c5 2. Nf3 Nc6 3. Bb5 d6 4. O-O a6 5. Bxc6+ bxc6 6. c3 e5 7. d4 cxd4 8.
cxd4 Bb7 9. dxe5 dxe5 10. Nxe5 Qc7 11. Bf4 Bd6 12. Ng6 fxg6 13. Qxd6 Qxd6 14.
Bxd6 O-O-O 15. Be5 Nf6 16. Nc3 Rhe8 17. Bxf6 gxf6 18. f3 Kc7 19. Rac1 Kb8 20.
Rfd1 Rxd1+ 21. Rxd1 Kc7 22. Kf2 a5 23. Ke3 Ba6 24. g3 Rd8 25. Rxd8 Kxd8 26. Kd4
Kd7 27. f4 Kd6 28. e5+ fxe5+ 29. fxe5+ Ke6 30. Ne4 Be2 31. Nd6 h5 32. b3 Ba6 33.
Nc4 1-0

[Event "AUTO-ADV-1439"]
[Site "http://www.queenalice.com/game.php?id=684527"]
[Date "2009.11.17"]
[Round "2"]
[White "odin2"]
[Black "FuriousFreddy"]
[Result "0-1"]
[WhiteElo "1927"]
[BlackElo "1848"]

1. e4 c5 2. Nf3 g6 3. Nc3 Nc6 4. d4 cxd4 5. Nxd4 Bg7 6. Nxc6 bxc6 7. Be2 d6 8.
Bf4 Qa5 9. O-O Nf6 10. Bf3 Bb7 11. Bd2 O-O 12. Nd5 Qd8 13. Nxf6+ Bxf6 14. c3 Qb6
15. Rb1 Rfb8 16. Be3 c5 17. Re1 a5 18. Qd2 Bc6 19. b3 Qb7 20. Bf4 a4 21. b4 cxb4
22. cxb4 a3 23. Qe3 Ra4 24. Bh6 Rxb4 25. Rxb4 Qxb4 26. Rc1 Ba8 27. h3 Qb2 28.
Qa7 g5 29. Rc7 Bd4 0-1

[Event "Challenge"]
[Site "http://www.queenalice.com/game.php?id=701329"]
[Date "2009.12.21"]
[Round "-"]
[White "thedead"]
[Black "FuriousFreddy"]
[Result "0-1"]
[WhiteElo "1611"]
[BlackElo "1867"]

1. d4 Nf6 2. e3 e6 3. c4 Bb4+ 4. Nc3 O-O 5. a3 Bxc3+ 6. bxc3 c5 7. Bd3 d6 8. Nf3
Re8 9. O-O e5 10. Nd2 e4 11. Be2 Bf5 12. Nb3 b6 13. Bb2 Qe7 14. Bc1 Nbd7 15. f3
Bg6 16. fxe4 Nxe4 17. Bb2 Rad8 18. Bd3 Ndf6 19. a4 Nxc3 20. Bxc3 Qxe3+ 21. Rf2
Bxd3 0-1

[Event "AUTO-ADV-1411"]
[Site "http://www.queenalice.com/game.php?id=781192"]
[Date "2010.5.26"]
[Round "2"]
[White "Bebeto"]
[Black "FuriousFreddy"]
[Result "0-1"]
[WhiteElo "1908"]
[BlackElo "1933"]

1. e4 c5 2. Nf3 g6 3. Be2 Bg7 4. O-O Nc6 5. c3 Nf6 6. d3 O-O 7. Re1 d5 8. e5 Ne8
9. d4 cxd4 10. cxd4 Bg4 11. h3 Bxf3 12. Bxf3 e6 13. Be3 Qb6 14. b3 Nc7 15. Nc3
Nb5 16. Na4 Qc7 17. Rc1 Rfc8 18. Be2 a6 19. Nb2 Qe7 20. Nd3 Nb4 21. Nxb4 Qxb4
22. Qd2 Qxd2 23. Bxd2 Nxd4 24. Bd3 Nc6 25. Bc3 Bh6 26. Rc2 Rc7 27. Bd2 Bg7 28.
Bf4 Rac8 29. Bf1 Nb4 30. Rxc7 Rxc7 31. a3 Nc6 32. Rc1 Kf8 33. b4 Ke8 34. b5 axb5
35. Bxb5 Kd7 36. a4 Kc8 37. Bxc6 Rxc6 38. Ra1 Rc4 39. Bg3 Re4 40. f4 Bh6 41. a5
Bxf4 42. Bxf4 Rxf4 43. a6 bxa6 44. Rxa6 Kb7 45. Ra1 Kc6 46. Ra7 d4 47. Ra3 Kd5
48. g3 Rf5 49. g4 Rf4 0-1

[Event "AUTO-ADV-1411"]
[Site "http://www.queenalice.com/game.php?id=781193"]
[Date "2010.5.26"]
[Round "2"]
[White "FuriousFreddy"]
[Black "Bebeto"]
[Result "1-0"]
[WhiteElo "1918"]
[BlackElo "1896"]

1. e4 e5 2. Nf3 Nc6 3. d4 exd4 4. Bc4 Be7 5. Nxd4 Nf6 6. Nc3 O-O 7. Nxc6 bxc6 8.
e5 Ne8 9. Be3 d6 10. f4 Bb7 11. O-O a6 12. Kh1 Kh8 13. Bd3 dxe5 14. fxe5 Bg5 15.
Qh5 h6 16. Rxf7 Rxf7 17. Qxf7 Nf6 18. Bxg5 Qe8 19. Qxe8+ Rxe8 20. exf6 hxg5 21.
f7 Rf8 22. Bg6 c5 23. Re1 1-0

[Event "AUTO-ADV-1411"]
[Site "http://www.queenalice.com/game.php?id=781196"]
[Date "2010.5.26"]
[Round "2"]
[White "Tchecmaurice"]
[Black "FuriousFreddy"]
[Result "1/2-1/2"]
[WhiteElo "1862"]
[BlackElo "1940"]

1. e4 c5 2. Nf3 g6 3. d4 cxd4 4. Nxd4 Nc6 5. Be3 Bg7 6. Nc3 Nf6 7. Qd2 O-O 8.
Be2 d5 9. Nxc6 bxc6 10. O-O-O Qa5 11. exd5 Nxd5 12. Nxd5 Qxa2 13. Nxe7+ Kh8 14.
c3 Be6 15. b4 Qa1+ 16. Kc2 Qa2+ 17. Kc1 Qa1+ 1/2-1/2

[Event "AUTO-ADV-1411"]
[Site "http://www.queenalice.com/game.php?id=781197"]
[Date "2010.5.26"]
[Round "2"]
[White "FuriousFreddy"]
[Black "Tchecmaurice"]
[Result "0-1"]
[WhiteElo "1937"]
[BlackElo "1865"]

1. e4 e5 2. Nf3 Nf6 3. Nxe5 d6 4. Nf3 Nxe4 5. Nc3 Nxc3 6. dxc3 Nc6 7. Bf4 Be7 8.
Qd2 Be6 9. Bd3 Qd7 10. Ng5 Bxg5 11. Bxg5 f6 12. Be3 O-O-O 13. Bb5 g5 14. Bxa7
Bf7 15. O-O-O Qe6 16. Bxc6 Qxa2 17. Qd4 bxc6 18. b3 c5 19. Qa4 Qxa4 20. bxa4 Kb7
0-1

[Event "A new game "]
[Site "http://www.queenalice.com/game.php?id=817786"]
[Date "2010.8.13"]
[Round "1"]
[White "FuriousFreddy"]
[Black "mandar9589"]
[Result "0-1"]
[WhiteElo "1931"]
[BlackElo "2138"]

1. e4 e6 2. d4 d5 3. Nc3 Nf6 4. Bg5 Be7 5. e5 Nfd7 6. Bxe7 Qxe7 7. f4 a6 8. Nf3
c5 9. dxc5 Nc6 10. Be2 Qxc5 11. Qd2 b5 12. a3 O-O 13. Bd3 f6 14. O-O-O b4 15.
axb4 Nxb4 0-1